Biggest cities in European landlocked countries - Statistics

General Stats
  • This quiz has been taken 128 times
  • The average score is 24 of 51
Answer Stats
Population City % Correct
1.931.593 Vienna
99%
423.193 Zurich
95%
1.752.286 Budapest
94%
203.401 Geneva
91%
475.577 Bratislava
87%
2.009.786 Minsk
86%
1.301.432 Prague
86%
134.290 Bern
85%
292.630 Graz
85%
155.331 Salzburg
83%
173.064 Basel
82%
1.166.763 Belgrade
82%
207.247 Linz
82%
128.494 Luxembourg
81%
130.585 Innsbruck
79%
512.000 Skopje
79%
532.513 Chișinău
69%
398.510 Brno
68%
145.149 Pristina
68%
140.619 Lausanne
64%
282.450 Ostrava
61%
231.798 Novi Sad
58%
227.458 Košice
53%
201.432 Debrecen
51%
174.007 Pilsen
50%
102.618 Klagenfurt
47%
340.318 Brest
46%
507.795 Gomel
40%
183.164 Niš
39%
132.038 Győr
38%
142.873 Pécs
38%
160.766 Szeged
34%
133.807 Tiraspol
32%
115.129 Winterthur
31%
104.340 Liberec
25%
106.063 Olomouc
22%
154.521 Miskolc
21%
362.949 Vitebsk
19%
357.510 Grodno
17%
357.404 Mogilev
13%
150.835 Kragujevac
11%
116.799 Nyíregyháza
11%
110.687 Kecskemét
9%
211.389 Babruysk
7%
125.900 Pinsk
6%
106.505 Orsha
4%
174.183 Baranovichi
3%
105.439 Mazyr
3%
103.391 Lida
2%
100.824 Soligorsk
1%
139.481 Barysaw
0%
No matching quizzes found
Score Distribution
Percent of People with Each Score
Percentile by Number Answered
Your Score History
You have not taken this quiz